Modern Islamic banking : (Record no. 600450)

000 -LEADER
fixed length control field 00275nam a2200109Ia 4500
008 - FIXED-LENGTH DATA ELEMENTS--GENERAL INFORMATION
fixed length control field 230907s9999||||xx |||||||||||||| ||und||
082 ## - DEWEY DECIMAL CLASSIFICATION NUMBER
Classification number 332.1091767
Author Mark SCH
100 ## - MAIN ENTRY--PERSONAL NAME
Personal name Schoon, Natalie,
9 (RLIN) 115956
245 #0 - TITLE STATEMENT
Title Modern Islamic banking :
300 ## - PHYSICAL DESCRIPTION
Extent xx,172 pages ;
942 ## - ADDED ENTRY ELEMENTS (KOHA)
Koha item type Book
Holdings
Withdrawn status Lost status Damaged status Not for loan Permanent Location Current Location Date acquired Total Checkouts Full call number Barcode Date last seen Price effective from Koha item type
        US-Pakistan Center for Advanced Studies in Energy (USPCAS-E) US-Pakistan Center for Advanced Studies in Energy (USPCAS-E) 11/22/2019   332.1091767 SCH CAS-E0004549 09/12/2023 09/12/2023 Book
© 2023 Central Library, National University of Sciences and Technology. All Rights Reserved.